000 00822nas a2200265 4500
001 BR8902327
003 BR-BrBNA
005 20231205091531.0
007 ta
008 230509b bl.|||p| |||| 00| 00por d
040 _aBR-BrBNA
_bpor
_cBiblioteca Nacional de Agricultura
041 _a(Pt)
072 _aF04; P33
100 1 _aThomazi, M.D.
100 1 _aArzolla, S.
100 1 _aMello, F.A.F.
245 1 _aInfluencia das fracoes granulometricas de quinze amostras de terra sobre as capacidades de fixacao de fosfato das mesmas
650 _aFERTILIZANTE
650 _aGRANULO
650 _aFIXACAO DE FOSFATO
650 _aSOLO
773 0 _tRevista de Agricultura (Brazil)
_xISSN 0034-7655
_g(Oct 1988), v. 63(1) p. 15-20
_wBR8902327
909 _a202311
_bLúcia
_c55
_dLúcia Elande
942 _2AGRIS
_n0
_cANA
999 _c125698
_d125698